Flags of Countries That End in O - Statistics

General Stats
  • This quiz has been taken 115 times
  • The average score is 9 of 12
Answer Stats
Flag Country % Correct
Mexico
96%
Kosovo
88%
Morocco
86%
Monaco
79%
Togo
78%
Trinidad and Tobago
77%
Montenegro
76%
San Marino
72%
Dem. Rep. of the Congo
71%
Lesotho
68%
Rep. of the Congo
67%
Burkina Faso
61%
No matching quizzes found
Score Distribution
Percent of People with Each Score
Percentile by Number Answered
Your Score History
You have not taken this quiz